000 00507nam a2200169Ia 4500
003 OSt
005 20260323165524.0
008 211028s2019 xx 000 0 und d
040 _cAIMIT LIBRARY
041 _aeng
100 _aSakhardande, Snehal; Suvaris, Roshan.
_g161775
_95433
110 _aAnnapoorna Shetty
_95434
245 _aBuilding responsive web component with two way data building with angular /
260 _aMangalore
_c2019
710 _aCascade Data Solutions
_95435
942 _2ddc
_cPRO
999 _c217904
_d217904